[Event "Richmond Keres Memorial 46th"]
[Site "Richmond"]
[Date "2022.05.22"]
[Round "3"]
[White "MacKinnon, Keith"]
[Black "Windram, James"]
[Result "1/2-1/2"]
[WhiteElo "2163"]
[BlackElo "1879"]
[PlyCount "51"]
[EventDate "2022.05.21"]
[EventType "swiss"]
[EventRounds "6"]
[EventCountry "CAN"]
[SourceTitle "CBM 209 Extra"]
[Source "ChessBase"]
[SourceDate "2022.09.30"]
[SourceVersion "1"]
[SourceVersionDate "2022.09.30"]
[SourceQuality "1"]

1. e4 c5 2. Nf3 d6 3. Bb5+ Nd7 4. d4 cxd4 5. Qxd4 a6 6. Bxd7+ Bxd7 7. c4 e5 8. Qd3 b5 9. Nc3 bxc4 10. Qxc4 Be6 11. Qc6+ Bd7 12. Qc4 Be6 13. Qd3 h6 14. 0-0 Nf6 15. b3 Be7 16. Bb2 0-0 17. Nd2 Qc7 18. Rac1 Qb7 19. Nc4 Rfd8 20. Rfd1 a5 21. Qe2 a4 22. Nxa4 Nxe4 23. Qf3 Bxc4 24. Rxc4 d5 25. Rc2 f6 26. Qf5 1/2-1/2

[Event "Victoria op"]
[Site "Victoria"]
[Date "2019.04.21"]
[Round "6"]
[White "Doknjas, Neil"]
[Black "Windram, James"]
[Result "0-1"]
[WhiteElo "2102"]
[BlackElo "1915"]
[PlyCount "202"]
[EventDate "2019.04.19"]
[EventType "swiss"]
[EventRounds "6"]
[EventCountry "CAN"]
[SourceTitle "CBM 190 Extra"]
[Source "ChessBase"]
[SourceDate "2019.07.15"]
[SourceVersion "1"]
[SourceVersionDate "2019.07.15"]
[SourceQuality "1"]

1. e4 c5 2. Nf3 Nc6 3. d4 cxd4 4. Nxd4 Nf6 5. Nc3 d6 6. Be3 Ng4 7. Nd5 Nxe3 8. Nxe3 g6 9. Qd2 Bg7 10. c3 Bd7 11. Be2 a6 12. Nb3 Rc8 13. f4 b5 14. 0-0 0-0 15. Kh1 Rb8 16. Rad1 Bc8 17. Nd5 Bb7 18. Rf3 e6 19. Ne3 Ne7 20. Qc2 Qc7 21. Rh3 Rbc8 22. Bf3 Rfd8 23. Qf2 d5 24. e5 a5 25. Nd4 Ba6 26. Qh4 h5 27. g4 hxg4 28. Nxg4 b4 29. cxb4 axb4 30. Nf6+ Kf8 31. Qg5 Qb6 32. Rh7 Rc4 33. Ne2 Qe3 34. Qg2 Rc2 35. Re1 Bxe2 36. Bxe2 Rc1 37. Rxc1 Qxc1+ 38. Bf1 Qxf4 39. Qh3 Bxf6 40. exf6 Qxf6 41. Qg2 Ng8 42. Bd3 Qe5 43. Qf2 Nf6 44. Rh8+ Ke7 45. Qc5+ Qd6 46. Qa7+ Qd7 47. Qc5+ Qd6 48. Qa7+ Nd7 49. Rh7 d4 50. Qb7 Qc5 51. Qg2 Qc1+ 52. Bf1 d3 53. Qf2 Rf8 54. Qh4+ Ke8 55. Kg2 d2 56. Be2 d1Q 57. Bxd1 Qxd1 58. Qxb4 Qe2+ 59. Kg1 Qd1+ 60. Kf2 Qc2+ 61. Ke1 Qb1+ 62. Kd2 Qxa2 63. Rh3 Qd5+ 64. Rd3 Qg2+ 65. Kc3 Qc6+ 66. Kd2 Rh8 67. h4 Rh5 68. Rc3 Rd5+ 69. Ke1 Re5+ 70. Kd2 Qg2+ 71. Kd1 Qf1+ 72. Kc2 Qa6 73. Ra3 Qc6+ 74. Kb1 Rc5 75. Qe1 Rc4 76. Re3 Rc5 77. Qd2 Qh1+ 78. Re1 Qxh4 79. Qd1 Qc4 80. Qd2 Rd5 81. Qf2 Qd3+ 82. Qc2 Qxc2+ 83. Kxc2 g5 84. Kc3 g4 85. b4 Nb6 86. Ra1 g3 87. Rg1 Rg5 88. Kd4 Kd7 89. Ke3 f5 90. Kf4 Rg8 91. b5 Kd6 92. Kf3 e5 93. Rd1+ Kc5 94. Kg2 Kxb5 95. Rf1 f4 96. Re1 Nc4 97. Re4 Ne3+ 98. Kg1 Rg5 99. Kh1 g2+ 100. Kg1 Rh5 101. Kf2 Rh1 0-1